000
00395cam a2200169ua 4500
041
_a
eng
_h
082
_a
823.308
_b
SCO/IV
100
_a
Scott, Walter .
245
_a
Ivanhoe /
_c
Walter Scott.
_h
Textual Documents
260
_a
London :
_b
Blackie & Son Ltd ,
_c
1962.
300
_a
122 ; .
504
_a
942
_c
BK
999
_c
858
_d
858